00632 2200205 4500001002100000005001500021035002000036007000300056008003900059082001600098084002200114100001900136245012400155260005300279300004100332650001100373650001900384650001000403022001300413INLIS00000000000125720250325081346 a0010-0325000019ta250325 | | |  a631.4-635.6 a631.4-635.6 TEL d0 aTelaumbanua, M1 aDesign of temperature-soil moisture control and monitoring system for chili cultivation in greenhouse /cTelaumbanua, M aUnited Kingdom, Bristol :bIOP Publishing,c2024 a1-15 hlm, :bIlus ;c21 cm x 29,7 cm 4aJurnal 4abudidaya Cabai 4aTanah a17551315